Los grandes enigmas de los tiempos de antaño / (Record no. 75886)

MARC details
000 -LEADER
campo de control de longitud fija 00914nam a2200193 i 4500
001 - NÚMERO DE CONTROL
campo de control 75886
003 - IDENTIFICADOR DE NÚMERO DE CONTROL
campo de control ES-MaACL
005 - FECHA Y HORA DE LA ÚLTIMA TRANSACCIÓN
campo de control 20250818131141.0
008 - DATOS DE LONGITUD FIJA--INFORMACIÓN GENERAL
campo de control de longitud fija 040928s1978 sp 001 0 spa d
245 04 - MENCIÓN DEL TÍTULO
Título Los grandes enigmas de los tiempos de antaño /
Mención de responsabilidad, etc. presentados por Bernard Michal.
260 ## - PUBLICACIÓN, DISTRIBUCIÓN, ETC.
Lugar de publicación, distribución, etc. [Madrid :
Nombre del editor, distribuidor, etc. Círculo de Amigos de la Historia,
Fecha de publicación, distribución, etc. 1978]
300 ## - DESCRIPCIÓN FÍSICA
Extensión 4 v. ;
Dimensiones 18 cm.
505 0# - NOTA DE CONTENIDO CON FORMATO
Nota de contenido con formato 1. Los cátaros, Valmy: ¿auténtica batalla o acción amañada?. El asesinato de Lincoln - 2. En busca del santo Grial. El niño del Temple. El fin del Canadá francés - 3. El asesinato de Concini. El secuestro del duque de Enghien. Las barricadas de la Comuna - 4. Un pleito de herencia. La noche de San Bartolomé. El armario de hierro
650 #7 - PUNTO DE ACCESO ADICIONAL DE MATERIA--TÉRMINO DE MATERIA
Término de materia o nombre geográfico como elemento de entrada Historia universal
Fuente del encabezamiento o término embne
9 (RLIN) 13429
700 1# - ENTRADA AGREGADA--NOMBRE PERSONAL
Nombre de persona Michal, Bernard.
9 (RLIN) 80865
700 2# - ENTRADA AGREGADA--NOMBRE PERSONAL
Nombre de persona
9 (RLIN) 241870
852 ## - LOCALIZACIÓN
Ubicación ES-MaACL
Número de control de estantería A-8757-60
Holdings
Estatus retirado Estado de pérdida Estado de daño No para préstamo Biblioteca de origen Biblioteca actual Ubicación en estantería Fecha de adquisición Fuente de adquisición Total de préstamos Signatura topográfica completa Código de barras Visto por última vez Precio de reemplazo Tipo de ítem Koha
        Biblioteca del Ateneo de Madrid Biblioteca del Ateneo de Madrid Depósito 1 17/01/2008     A-8757-60 1079424 23/02/2023 23/02/2023 Libro impreso